00518nam a22001817a 450000500170000000800410001702000180005804000210007604100080009708200180010510000320012324500710015525000120022626000340023830000100027265000230028270000310030520240216130059.0240216b ||||| |||| 00| 0 eng d a9789385439957 aIN-DiNCcIN-DiNC dasm a301.0954bSAI aSaikia, Jyotiprasadeauthor aBharatar samajtattwa/cby Jyotiprasad Saikia and Himanta Borgohain a1st ed. aJorhat:bBidya bhawan,c2024. a380p. aSociology of India aBorgohain, Himantaeauthor